|
|
|
|
| LEADER |
00000nam0a2200000 4500 |
| 001 |
165906 |
| 005 |
20231031161948.0 |
| 010 |
|
|
|a 5020173398
|
| 020 |
|
|
|a RU
|b 92-29582
|
| 035 |
|
|
|a (RuTPU)RU\TPU\book\179969
|
| 090 |
|
|
|a 165906
|
| 100 |
|
|
|a 20090923d1992 m a0rusy5003 ca
|
| 101 |
0 |
|
|a rus
|
| 102 |
|
|
|a RU
|
| 105 |
|
|
|a y z 001zy
|
| 200 |
1 |
|
|a Китай и Африка: время перемен (80-е гг.)
|f Т. Л. Дейч
|g Российская академия наук (РАН), Институт Африки (ИАф)
|
| 210 |
|
|
|a Москва
|c Наука
|d 1992
|
| 215 |
|
|
|a 167 с.
|d 20 см
|
| 300 |
|
|
|a Рез.: англ.
|
| 320 |
|
|
|a Библиогр.: с. 162-164. (81 назв.)
|
| 610 |
1 |
|
|a внешняя политика
|
| 610 |
1 |
|
|a развивающиеся страны
|
| 610 |
1 |
|
|a история
|
| 610 |
1 |
|
|a Китай
|
| 610 |
0 |
|
|a Африка
|
| 610 |
1 |
|
|a экономические связи
|
| 686 |
|
|
|a Ф4(6)
|2 rubbk
|
| 686 |
|
|
|a Ф4(кКит)
|2 rubbk
|
| 700 |
|
1 |
|a Дейч
|b Т. Л.
|g Татьяна Лазаревна
|4 070
|
| 712 |
0 |
2 |
|a Российская академия наук (РАН)
|b Институт Африки (ИАф)
|c (Москва)
|2 stltpush
|3 (RuTPU)RU\TPU\col\330
|
| 801 |
|
0 |
|a RU
|b RuMRKP
|c 19950417
|g psbo
|
| 801 |
|
1 |
|a RU
|b 63413507
|c 20090923
|
| 801 |
|
2 |
|a RU
|b 63413507
|c 20130524
|g RCR
|
| 942 |
|
|
|c BK
|